Lean-Kaizen: Concept to application in small and medium sized manufacturing enterprises (Record no. 128074)

MARC details
000 -LEADER
fixed length control field 00389nam a2200145Ia 4500
008 - FIXED-LENGTH DATA ELEMENTS--GENERAL INFORMATION
fixed length control field 230917s9999||||xx |||||||||||||| ||und||
040 ## - CATALOGING SOURCE
-- 249315
Original cataloging agency VIVEKANANDA LIBRARY
041 ## - Language
-- English
082 ## - DDC NUMBER
Classification number 670.4 S73L
100 ## - MAIN ENTRY--PERSONAL NAME
Personal name Sunil Kumar
245 #0 - TITLE STATEMENT
Title Lean-Kaizen: Concept to application in small and medium sized manufacturing enterprises
260 ## - PUBLICATION, DISTRIBUTION, ETC. (IMPRINT)
Date of publication, distribution, etc 2018
300 ## - PHYSICAL DESCRIPTION
Pages xv, 159 p.
942 ## - ADDED ENTRY ELEMENTS (KOHA)
Koha item type Thesis
Holdings
Withdrawn status Lost status Damaged status Not for loan Location (home branch) Sublocation or collection (holding branch) Shelving location Date acquired Koha issues (times borrowed) Koha full call number Accession No. Koha date last seen Koha item type
        VIVEKANANDA LIBRARY VIVEKANANDA LIBRARY UIET Library 03/08/2018   670.4 S73L 223895 17/09/2023 Thesis
© Designed and Maintained by Vivekananda Library, MDU Rohtak